Responses for show #4292 - Tuesday, April 8, 2003

Contestants

Bruce Janger, a retired attorney from Santa Monica, California

Alison Stern-Dunyan, a writer and editor from Lexington, Massachusetts

Sarah Gaymon, a computer systems analyst from Gambrills, Maryland (whose 1-day cash winnings total $13,801)

Jeopardy! Round responses

ELECTORAL VOTES
TV GUIDE
(Alex: A whole category devoted to TV Guide in honor of their 50th anniversary.)
NYC BUSINESS HISTORY
U.K. COUNTRIES BY REGION
TEATIME
SOUNDS LIKE IG-PAY ATIN-LAY
(Alex: But it's not!)
    $200 3
George Washington

Bruce
    $200 5
Lucille Ball

Bruce
    $200 12
bagels

Bruce
    $200 1
Scotland

Sarah
    $200 16
China

Bruce
    $200 17
hearsay

Alison
    $400 4
Richard M. Nixon

Alison
    $400 8
Donna Mills

Alison
    $400 14
Nathan

Triple Stumper
    $400 2
(Alison: What is Ireland?)
....
(Alex: The Republic of Ireland is not part of the U.K..)

Northern Ireland

AlisonBruce
    $400 19
Earl Grey

Alison
    $400 18
Chardonnay

Sarah
    $600 6
John Quincy Adams

Bruce
    $600 9
The Beverly Hillbillies

Alison
    $600 15
(Bruce: What is a train?)

subway

AlisonBruce
    $600 28
(Bruce: What is Wales?)

Scotland

Bruce
Triple Stumper
    $600 20
sun tea

Alison
    $600 23
Boxing Day

Alison
    $800 7
he died

Alison
    $800 10
Andy Warhol

Bruce
    $800 26
(Alison: What is Macy?)

Brooks

Alison
Triple Stumper
    $800 29
[buzzer sounds to end the round]
....
(Alex: And now the last clue...that was the one about Wales.)

England

Sarah
    $1,200 21
(Alison: [no response])

orange pekoe

Alison
    $800 24
Chesapeake Bay

Sarah
    $1000 11
(Bruce: Who is John Adams?)

Aaron Burr

Bruce
Triple Stumper
    $1000 13
Kojak

Bruce
    $1000 27
Alexander Grosset

Alison
    $1000 22
(Alex: We have less than a minute to go.)

Samuel Pepys

Sarah
    $1000 25
cathode ray

Bruce

Scores at the first commercial break (after clue 15):

Sarah Alison Bruce
$200 $2,400 $1,800

Scores at the end of the Jeopardy! Round:

Sarah Alison Bruce
$3,200 $3,200 $2,400

Double Jeopardy! Round responses

CHEMISTRY
EURO COINS
CHARACTERS IN PLAYS
BEATLES LYRICS
HISTORIC NAMES
"MUM"s THE WORD
    $400 26
noble/inert gases

Bruce
    $400 21
(Bruce: What is Germany?)

Austria

AlisonBruce
    $400 1
Big Daddy

Bruce
    $400 6
"Lucy in the Sky with Diamonds"

Bruce
    $400 11
Simon Bolivar

Alison
    $400 16
mumps

Sarah
    $800 27
the pH scale

Alison
    $800 22
Greece

Alison
    $800 2
Conrad Birdie

Bruce
    $800 7
"I am the Walrus"

Bruce
    $800 12
(Alison: Who is Leif Ericson?)

Erik the Red

AlisonBruce
    $800 17
chrysanthemum

Alison
    $1200 28
Vitamin K

Alison
    $1200 23
Queen Beatrix

Sarah
    $1200 3
Audrey

Bruce
    $1200 8
"The Long and Winding Road"

Alison
    $1,400 13
(Alex: You're a trapeze artist, you're used to taking risks: would you like to bet all $12,400?)
....
(Bruce: But I always have a net!)

Michael Collins

Bruce
    $1200 18
mumbo-jumbo

Bruce
    $1600 29
pressure

Bruce
    $1600 24
"Liberte, egalite, fraternite"

Sarah
    $1600 4
Harvey

Bruce
    $1600 9
(Sarah: What is "Lady Madonna"?)

"When I'm Sixty-Four"

SarahAlison
    $1600 14
Amistad

Alison
    $1600 19
mummer

Sarah
    $2000 30
(Sarah: What is proof?)

hydrometer

Sarah
Triple Stumper
    $6,400 25
(Alex: We have less than a minute to go.)

Spain (Espana)

Sarah
    $2000 5
(Alex: Hey, well done; you have been to theatre & it has paid off handsomely!)

George Gibbs

Bruce
    $2000 10
"Norwegian Wood"

Bruce
    $2000 15
(Alison: Who was Potemkin?)

Alexander Nevsky

Alison
Triple Stumper
    $2000 20
Mumbai

Alison

Scores at the end of the Double Jeopardy! Round:

Sarah Alison Bruce
$10,800 $11,200 $16,600

[wagering suggestions for these scores]

Final Jeopardy! Round responses

OSCAR-WINNING FILMS
(Alex: "Major Strasser has been shot; round up all the usual suspects.")
SarahWhat is The Usual Suspects?
$10,798
AlisonWhat is
$11,000
BruceWhat is The Usual Suspects?
$5,801
The Usual Suspects

Final scores:

Sarah Alison Bruce
$21,598 $200 $22,401
2nd place: $2,000 3rd place: $1,000 New champion: $22,401

Game dynamics:

Coryat scores:

Sarah Alison Bruce
$6,400 $12,400 $16,400
10 R
(including 1 DD),
2 W
20 R,
5 W
(including 1 DD)
22 R
(including 1 DD),
4 W

Combined Coryat: $35,200

The J! Archive is created by fans, for fans. The Jeopardy! game show and all elements thereof, including but not limited to copyright and trademark thereto, are the property of Jeopardy Productions, Inc. and are protected under law. This website is not affiliated with, sponsored by, or operated by Jeopardy Productions, Inc. Join the discussion at JBoard.tv.